[Event "Czech Chess Christmas 2010"]
[Site "Litomysl"]
[Date "2010.12.30"]
[Round "6.1"]
[White "Bernasek, Jan"]
[Black "Kanovsky, David"]
[Result "1-0"]
[WhiteElo "2490"]
[BlackElo "2497"]
[PlyCount "71"]
[EventDate "2010.12.26"]

1. d4 Nf6 2. c4 c5 3. d5 e6 4. Nc3 exd5 5. cxd5 d6 6. e4 g6 7. f4 Bg7 8. Bb5+
Nfd7 9. a4 O-O 10. Nf3 Na6 11. O-O Nb4 12. Re1 a6 13. Bf1 Re8 14. Be3 Nf6 15.
Bf2 Bg4 16. Rc1 Nd7 17. h3 Bxf3 18. Qxf3 Bd4 19. Kh1 Rc8 20. Red1 Qf6 21. Bg3
Qg7 22. Re1 f5 23. Bh4 Nf6 24. exf5 gxf5 25. Re6 Rxe6 26. dxe6 Re8 27. Bc4 b5
28. axb5 axb5 29. Nxb5 Ne4 30. Nxd4 cxd4 31. e7+ d5 32. Bb5 Qh6 33. Bg5 Nxg5
34. fxg5 Qxg5 35. Bxe8 Qxc1+ 36. Kh2 1-0

[Event "Czech Chess Christmas 2010"]
[Site "Litomysl"]
[Date "2010.12.30"]
[Round "6.2"]
[White "Strebkovs, Andrejs"]
[Black "Likavsky, Tomas"]
[Result "0-1"]
[WhiteElo "2329"]
[BlackElo "2466"]
[PlyCount "62"]
[EventDate "2010.12.26"]

1. d4 d5 2. Nf3 Nf6 3. c4 e6 4. g3 dxc4 5. Bg2 a6 6. O-O b5 7. Ne5 Nd5 8. a4
Bb7 9. e4 Nf6 10. axb5 axb5 11. Rxa8 Bxa8 12. Nc3 c6 13. f4 Nbd7 14. Nxd7 Qxd7
15. f5 e5 16. dxe5 Bc5+ 17. Kh1 Qxd1 18. Nxd1 Ng4 19. Bf4 Bd4 20. e6 fxe6 21.
fxe6 Ke7 22. h3 h5 23. Bg5+ Kxe6 24. Bf3 c5 25. Nc3 Ne5 26. Bg2 b4 27. Nd1 Bc6
28. Bc1 Nd3 29. Be3 Ra8 30. h4 Ra1 31. Bh3+ Ke7 0-1

[Event "Czech Chess Christmas 2010"]
[Site "Litomysl"]
[Date "2010.12.30"]
[Round "6.5"]
[White "Novotny, Michal"]
[Black "Bures, Jaroslav"]
[Result "1/2-1/2"]
[WhiteElo "2255"]
[BlackElo "2373"]
[PlyCount "67"]
[EventDate "2010.12.26"]

1. Nf3 Nf6 2. c4 c5 3. Nc3 b6 4. g3 Bb7 5. Bg2 e6 6. O-O Be7 7. d4 cxd4 8. Qxd4
d6 9. Bg5 a6 10. Bxf6 Bxf6 11. Qd3 Ra7 12. Rad1 Be7 13. Nd4 Bxg2 14. Kxg2 O-O
15. f4 Qc8 16. f5 Nc6 17. fxe6 fxe6 18. Rxf8+ Bxf8 19. Nxc6 Qxc6+ 20. Ne4 h6
21. Qf3 Qxc4 22. Rf1 Qc8 23. Qg4 d5 24. Nf6+ Kh8 25. Nxd5 Bd6 26. Rf3 b5 27.
Qg6 Rb7 28. Nc3 Be5 29. Ne4 Rb8 30. Ng5 hxg5 31. Qh5+ Kg8 32. Qf7+ Kh8 33. Qh5+
Kg8 34. Qf7+ 1/2-1/2

[Event "Czech Chess Christmas 2010"]
[Site "Litomysl"]
[Date "2010.12.30"]
[Round "6.6"]
[White "Kantorik, Marian"]
[Black "Svana, Peter"]
[Result "0-1"]
[WhiteElo "2351"]
[BlackElo "2227"]
[PlyCount "126"]
[EventDate "2010.12.26"]

1. d4 Nf6 2. c4 g6 3. Nc3 Bg7 4. e4 d6 5. Be2 O-O 6. Nf3 c5 7. d5 e6 8. O-O
exd5 9. exd5 Bg4 10. Re1 Na6 11. Bf4 Nc7 12. h3 Bxf3 13. Bxf3 a6 14. a4 Rb8 15.
Be2 Nfe8 16. Qd2 f5 17. Bh6 Bxh6 18. Qxh6 Qf6 19. Bd3 Ng7 20. Qd2 b6 21. Re2
Rfe8 22. Rae1 Re5 23. Qd1 Rxe2 24. Rxe2 Nh5 25. Re3 Re8 26. Rxe8+ Nxe8 27. Qb3
Qd8 28. a5 bxa5 29. Qb7 Nc7 30. Qb6 Nf6 31. Qxa5 Qb8 32. Qa3 Nd7 33. Ne2 Qb4
34. Qxb4 cxb4 35. Kf1 Nc5 36. Bb1 Na8 37. Nc1 b3 38. Bd3 Nb6 39. Be2 a5 40. Ke1
Nba4 41. Bd1 Nxb2 42. Nxb3 Nxc4 43. Nc1 Kg7 44. f4 a4 45. Be2 Ne3 46. Bf3 Ne4
47. Ke2 Nxd5 48. Kd3 Nxf4+ 49. Kd4 d5 50. Ke5 g5 51. Kxf5 h6 52. h4 Nd6+ 53.
Kg4 Kf6 54. hxg5+ hxg5 55. g3 Ng6 56. Bxd5 Ne5+ 57. Kh3 Nf5 58. Na2 g4+ 59. Kh2
Nf3+ 60. Bxf3 gxf3 61. g4 Nd4 62. Kg3 Ke5 63. Nb4 a3 0-1

[Event "Czech Chess Christmas 2010"]
[Site "Litomysl"]
[Date "2010.12.30"]
[Round "6.8"]
[White "Olsarova, Karolina"]
[Black "Madan, Augustin"]
[Result "1/2-1/2"]
[WhiteElo "2202"]
[BlackElo "2339"]
[PlyCount "62"]
[EventDate "2010.12.26"]

1. e4 c5 2. Nf3 Nc6 3. Bb5 g6 4. Bxc6 bxc6 5. O-O Bg7 6. Re1 Nh6 7. c3 O-O 8.
d4 cxd4 9. cxd4 f6 10. Nc3 Nf7 11. b3 Qa5 12. Bd2 Qh5 13. h3 d6 14. Rc1 Bd7 15.
Ne2 g5 16. Ng3 Qg6 17. Nf5 Bxf5 18. exf5 Qxf5 19. Rxe7 Rfc8 20. Qe2 a5 21. Rxc6
Rxc6 22. Re8+ Rxe8 23. Qxe8+ Bf8 24. Qxc6 Qb1+ 25. Kh2 Qxa2 26. Qa4 Qc2 27.
Bxa5 Qxf2 28. Be1 Qe2 29. Qc4 Qxc4 30. bxc4 f5 31. Bd2 Be7 1/2-1/2

[Event "Czech Chess Christmas 2010"]
[Site "Litomysl"]
[Date "2010.12.30"]
[Round "6.9"]
[White "Cerveny, Martin"]
[Black "Olsarova, Tereza"]
[Result "1-0"]
[WhiteElo "2317"]
[BlackElo "2185"]
[PlyCount "53"]
[EventDate "2010.12.26"]

1. d4 c5 2. d5 Nf6 3. c4 e6 4. Nc3 exd5 5. cxd5 d6 6. e4 g6 7. Nf3 Bg7 8. Nd2
O-O 9. Be2 b6 10. O-O Ba6 11. f4 Re8 12. Bxa6 Nxa6 13. Re1 Nc7 14. a4 Qd7 15.
Nc4 Ng4 16. e5 dxe5 17. h3 exf4 18. Rxe8+ Rxe8 19. Qxg4 Re1+ 20. Kf2 Qe7 21.
Ne2 f5 22. d6 Qe6 23. Qf3 Rd1 24. Bxf4 Rxa1 25. dxc7 Bd4+ 26. Kg3 g5 27. Qb7
1-0

[Event "Czech Chess Christmas 2010"]
[Site "Litomysl"]
[Date "2010.12.30"]
[Round "6.10"]
[White "Volodin, Viktor"]
[Black "Kraus, Ondrej"]
[Result "1/2-1/2"]
[WhiteElo "2223"]
[BlackElo "1973"]
[PlyCount "91"]
[EventDate "2010.12.26"]

1. Nf3 Nf6 2. c4 g6 3. d4 Bg7 4. g3 c6 5. Bg2 d5 6. Nbd2 O-O 7. O-O Bf5 8. b3
Ne4 9. Bb2 Nd7 10. Nh4 Nxd2 11. Qxd2 Be6 12. cxd5 cxd5 13. Qb4 Rb8 14. Rac1 Nf6
15. Rc2 Ne4 16. Rfc1 Qd6 17. Qa5 Qb6 18. Qxb6 axb6 19. a4 Rfc8 20. Rc7 Bf6 21.
Nf3 Rxc7 22. Rxc7 Rc8 23. Rxc8+ Bxc8 24. e3 Bg4 25. h3 Bxf3 26. Bxf3 Kf8 27.
Bd1 Ke8 28. Kg2 Kd7 29. f3 Nd6 30. Be2 Kc6 31. Ba3 e5 32. dxe5 Bxe5 33. Bd3 Bc3
34. h4 h6 35. g4 Kd7 36. h5 gxh5 37. gxh5 Ke6 38. Kg3 Nf5+ 39. Bxf5+ Kxf5 40.
Be7 Be1+ 41. Kg2 b5 42. axb5 Bc3 43. Kg3 Be1+ 44. Kg2 Bc3 45. Kf2 Bf6 46. e4+
1/2-1/2

[Event "Czech Chess Christmas 2010"]
[Site "Litomysl"]
[Date "2010.12.30"]
[Round "6.11"]
[White "Borisek, Anze"]
[Black "Jedlicka, Ales"]
[Result "0-1"]
[WhiteElo "2006"]
[BlackElo "2261"]
[PlyCount "78"]
[EventDate "2010.12.26"]

1. f4 c5 2. b3 d6 3. e3 Nc6 4. Bb2 Nf6 5. Nf3 g6 6. Bb5 Bd7 7. a4 Bg7 8. O-O
O-O 9. Qe1 Nb4 10. Na3 Bxb5 11. axb5 Qd7 12. Qe2 a6 13. bxa6 Rxa6 14. c4 Qf5
15. d4 Qd3 16. Qxd3 Nxd3 17. Bc3 Rfa8 18. Nb5 Rxa1 19. Rxa1 Rxa1+ 20. Bxa1 Ng4
21. dxc5 Bxa1 22. cxd6 exd6 23. Nxd6 Nxe3 24. g3 b6 25. Nc8 Nc5 26. Nxb6 Nxb3
27. Kf2 Ng4+ 28. Ke2 Nd4+ 29. Nxd4 Bxd4 30. Nd7 Nf6 31. Nxf6+ Bxf6 32. Kd3 Kf8
33. Ke4 Ke7 34. Kd5 Bc3 35. g4 Bd2 36. f5 gxf5 37. gxf5 Kf6 38. Ke4 Bb4 39. Kf4
Bd6+ 0-1

[Event "Czech Chess Christmas 2010"]
[Site "Litomysl"]
[Date "2010.12.30"]
[Round "6.12"]
[White "Bombek, Peter"]
[Black "Seidl, Antonin"]
[Result "1-0"]
[WhiteElo "2228"]
[BlackElo "1983"]
[PlyCount "55"]
[EventDate "2010.12.26"]

1. d4 Nf6 2. Nf3 g6 3. Bg5 Bg7 4. Nbd2 d5 5. e3 O-O 6. Bd3 Nbd7 7. O-O c5 8. c4
cxd4 9. exd4 dxc4 10. Nxc4 Nb6 11. h3 Be6 12. Rc1 Nxc4 13. Bxc4 Bxc4 14. Rxc4
Nd5 15. Qb3 Qb6 16. Qxb6 axb6 17. a4 Rfc8 18. Rfc1 Rxc4 19. Rxc4 Kf8 20. Kf1
Ke8 21. Ke2 Kd7 22. Kd3 Kd6 23. b3 b5 24. axb5 Ra5 25. Rc5 Ra2 26. Nd2 Bxd4 27.
Ne4+ Ke5 28. f4+ 1-0

[Event "Czech Chess Christmas 2010"]
[Site "Litomysl"]
[Date "2010.12.30"]
[Round "6.14"]
[White "Navratil, Jiri"]
[Black "Jiruse, Josef"]
[Result "1-0"]
[WhiteElo "2120"]
[BlackElo "2059"]
[PlyCount "53"]
[EventDate "2010.12.26"]

1. d4 d5 2. Nf3 e6 3. c3 c5 4. Bg5 Qb6 5. Qb3 Nc6 6. e3 Bd7 7. Nbd2 c4 8. Qc2
Qc7 9. e4 f6 10. Bh4 Bd6 11. Be2 Nge7 12. Bg3 Ng6 13. Bxd6 Qxd6 14. g3 Nce7 15.
h4 h5 16. b3 b5 17. O-O Bc6 18. Rfe1 Kf7 19. bxc4 bxc4 20. Rab1 Nc8 21. exd5
exd5 22. Nxc4 dxc4 23. Bxc4+ Bd5 24. Ng5+ Kf8 25. Qxg6 Nb6 26. Bxd5 Qxd5 27.
Ne6+ 1-0

[Event "Czech Chess Christmas 2010"]
[Site "Litomysl"]
[Date "2010.12.30"]
[Round "6.15"]
[White "Krupa, Krzysztof"]
[Black "Pekar, Vaclav"]
[Result "0-1"]
[WhiteElo "2031"]
[BlackElo "2114"]
[PlyCount "78"]
[EventDate "2010.12.26"]

1. e4 Nc6 2. Nf3 d5 3. exd5 Qxd5 4. Nc3 Qa5 5. Bb5 Bd7 6. O-O a6 7. b4 Qxb4 8.
Rb1 Qa5 9. Bc4 b5 10. Bb3 Nf6 11. Re1 e6 12. Bb2 Ba3 13. Ba1 O-O 14. Ne4 Nxe4
15. Rxe4 Rae8 16. d4 Bd6 17. Qd3 Ne7 18. d5 exd5 19. Qd4 Nf5 20. Qxd5 Rxe4 21.
Qxe4 Re8 22. Qd5 Be6 23. Qc6 Kf8 24. g4 Bxb3 25. axb3 Re6 26. Qa8+ Re8 27. Qd5
Ne7 28. Qd4 f6 29. Qd3 Ng6 30. h4 Qb4 31. c4 bxc4 32. bxc4 Qa3 33. Qxa3 Bxa3
34. h5 Nf4 35. h6 Re2 36. hxg7+ Kxg7 37. Nd4 Ra2 38. Nf5+ Kg6 39. Ne7+ Bxe7 0-1

[Event "Czech Chess Christmas 2010"]
[Site "Litomysl"]
[Date "2010.12.30"]
[Round "6.16"]
[White "Konstacky, Matej"]
[Black "Kozusek, Daniel"]
[Result "1/2-1/2"]
[WhiteElo "2110"]
[BlackElo "1645"]
[PlyCount "115"]
[EventDate "2010.12.26"]

1. e4 c5 2. Nc3 e6 3. g3 Nc6 4. Bg2 Nf6 5. f4 d5 6. d3 a6 7. Nf3 dxe4 8. dxe4
Qxd1+ 9. Kxd1 b5 10. Re1 Bb7 11. e5 O-O-O+ 12. Ke2 Nd5 13. Nxd5 exd5 14. c3 Be7
15. Bd2 d4 16. Kf2 dxc3 17. Bxc3 c4 18. a3 Bc5+ 19. Kf1 Nd4 20. Bh3+ Kb8 21.
Ng5 Nf3 22. Nxf3 Bxf3 23. f5 Bd4 24. e6 Bxc3 25. bxc3 fxe6 26. fxe6 Rhe8 27. e7
Rd2 28. Kg1 Be2 29. a4 Rxe7 30. axb5 axb5 31. Ra5 Re5 32. Bg4 Kb7 33. Bxe2
Rexe2 34. Rxe2 Rxe2 35. Rxb5+ Kc6 36. Rb4 Kc5 37. Rb7 Rc2 38. Rxg7 Rxc3 39.
Rxh7 Rc1+ 40. Kf2 c3 41. Ke2 Kc4 42. Rc7+ Kb3 43. Rb7+ Kc2 44. Rc7 Rh1 45. h4
Rh3 46. Kf3 Rh1 47. Kg4 Kd2 48. Rd7+ Ke3 49. Rc7 Kd2 50. Rd7+ Ke3 51. Rc7 Kd2
52. h5 c2 53. Kg5 c1=Q 54. Rxc1 Kxc1 55. g4 Kd2 56. Kg6 Ke3 57. h6 Kf4 58. h7
1/2-1/2

[Event "Czech Chess Christmas 2010"]
[Site "Litomysl"]
[Date "2010.12.30"]
[Round "6.17"]
[White "Navratil, Jiri"]
[Black "Chladek, Vaclav"]
[Result "1/2-1/2"]
[WhiteElo "1996"]
[BlackElo "2099"]
[PlyCount "58"]
[EventDate "2010.12.26"]

1. e4 e5 2. Nf3 Nc6 3. Nc3 Nf6 4. d4 d6 5. dxe5 Nxe5 6. Nxe5 dxe5 7. Qxd8+ Kxd8
8. Bg5 c6 9. O-O-O+ Kc7 10. Bc4 Be6 11. Bxe6 fxe6 12. f3 Bc5 13. a3 Rhf8 14. b4
Bd6 15. Rd3 b5 16. Rhd1 Rfd8 17. Be3 Ne8 18. Kb2 a5 19. Kb3 a4+ 20. Kb2 Be7 21.
Ne2 Nd6 22. Ka2 Nc4 23. Bf2 Rac8 24. Ng3 Bh4 25. Bc5 g6 26. Nf1 Bg5 27. h3 h5
28. Bf2 Bf4 29. Bc5 Bg5 1/2-1/2

[Event "Czech Chess Christmas 2010"]
[Site "Litomysl"]
[Date "2010.12.30"]
[Round "6.18"]
[White "Dowgird, Filip"]
[Black "Niemers, Johannes"]
[Result "1/2-1/2"]
[WhiteElo "2096"]
[BlackElo "1999"]
[PlyCount "118"]
[EventDate "2010.12.26"]

1. e4 c6 2. d3 g6 3. g3 Bg7 4. Bg2 d5 5. Nd2 Nf6 6. Ngf3 Bg4 7. h3 Bxf3 8. Qxf3
Nbd7 9. O-O Qc7 10. a4 e6 11. Qe2 O-O 12. Re1 Nh5 13. Bf3 Nhf6 14. Nf1 dxe4 15.
dxe4 e5 16. g4 Rfd8 17. g5 Ne8 18. Bg4 Nf8 19. h4 Qe7 20. Ra3 Nc7 21. Rf3 Nce6
22. c3 Rab8 23. Ng3 b5 24. axb5 Rxb5 25. Nf5 Qb7 26. Nxg7 Nxg7 27. Qc4 Ne8 28.
h5 Ra5 29. hxg6 hxg6 30. b4 Ra1 31. Qc5 Qc7 32. Kg2 Qd6 33. Qc4 Ne6 34. Rh1
Rxc1 35. Rxc1 Nxg5 36. Rg3 Qf6 37. Qe2 Qf4 38. Re1 Rd2 39. Qe3 Nf6 40. Bf3
Ngxe4 41. Bxe4 Nxe4 42. Rxg6+ fxg6 43. Qxf4 exf4 44. Rxe4 g5 45. Re6 Kf7 46.
Rxc6 Ra2 47. Kf3 a6 48. c4 Rb2 49. Rb6 Kg7 50. c5 Kf7 51. c6 Ke7 52. Rxa6 Rxb4
53. c7 Kd7 54. Rc6 Kc8 55. Rc5 Rb3+ 56. Kg4 Rb2 57. f3 Rg2+ 58. Kf5 Rg3 59. Rc3
g4 1/2-1/2

[Event "Czech Chess Christmas 2010"]
[Site "Litomysl"]
[Date "2010.12.30"]
[Round "6.19"]
[White "Trhal, Michal"]
[Black "Galvanek, Ladislav"]
[Result "1/2-1/2"]
[WhiteElo "1982"]
[BlackElo "2091"]
[PlyCount "52"]
[EventDate "2010.12.26"]

1. d4 d5 2. Bg5 h6 3. Bh4 c6 4. e3 Qb6 5. b3 Bf5 6. Bd3 Bxd3 7. Qxd3 Nd7 8. Nf3
e6 9. O-O Ne7 10. Bxe7 Bxe7 11. c4 Bf6 12. Nc3 O-O 13. cxd5 cxd5 14. Rac1 Rac8
15. Rc2 Rc6 16. Na4 Qc7 17. Rfc1 Nb8 18. Rxc6 Nxc6 19. Qb5 Rc8 20. g3 Qb8 21.
Kg2 Ne7 22. Rxc8+ Qxc8 23. Nc5 b6 24. Nd7 Nf5 25. Nxf6+ gxf6 26. Qe2 Nd6
1/2-1/2

[Event "Czech Chess Christmas 2010"]
[Site "Litomysl"]
[Date "2010.12.30"]
[Round "6.20"]
[White "Hrabal, Michal"]
[Black "Bakalar, Jan"]
[Result "0-1"]
[WhiteElo "1972"]
[BlackElo "2081"]
[PlyCount "92"]
[EventDate "2010.12.26"]

1. e4 c5 2. f4 Nc6 3. Nf3 g6 4. Bb5 Bg7 5. Bxc6 bxc6 6. d3 d6 7. c4 Nf6 8. O-O
O-O 9. Nc3 Rb8 10. Na4 Bd7 11. Rb1 Qc8 12. b3 Ne8 13. Ba3 Nc7 14. e5 Ne6 15.
Qd2 Qc7 16. Qe3 Bh6 17. g3 f6 18. exd6 exd6 19. Rbd1 Rfe8 20. Qf2 Bg7 21. d4
cxd4 22. Nxd4 c5 23. Nxe6 Rxe6 24. Nc3 f5 25. Nd5 Qa5 26. Bc1 Rbe8 27. Qd2 Bd4+
28. Kh1 Qxd2 29. Bxd2 Bc6 30. Rfe1 Rxe1+ 31. Rxe1 Rxe1+ 32. Bxe1 Kf7 33. Kg2
Ke6 34. Kf3 Bxd5+ 35. cxd5+ Kxd5 36. h3 a6 37. Ba5 Kc6 38. Ke2 Kb5 39. Be1 c4
40. a4+ Kc5 41. b4+ Kd5 42. Kd2 Ke4 43. Kc2 d5 44. b5 axb5 45. axb5 Bb6 46. Kc3
Ba5+ 0-1

[Event "Czech Chess Christmas 2010"]
[Site "Litomysl"]
[Date "2010.12.31"]
[Round "7.1"]
[White "Likavsky, Tomas"]
[Black "Bernasek, Jan"]
[Result "1/2-1/2"]
[WhiteElo "2466"]
[BlackElo "2490"]
[PlyCount "25"]
[EventDate "2010.12.26"]

1. c4 Nf6 2. Nc3 g6 3. e4 d6 4. d4 Bg7 5. Nf3 O-O 6. Be2 e5 7. Be3 Ng4 8. Bg5
f6 9. Bh4 Na6 10. O-O Nh6 11. c5 exd4 12. Bxa6 dxc3 13. Bc4+ 1/2-1/2

[Event "Czech Chess Christmas 2010"]
[Site "Litomysl"]
[Date "2010.12.31"]
[Round "7.2"]
[White "Svana, Peter"]
[Black "Biolek, Richard"]
[Result "1/2-1/2"]
[WhiteElo "2227"]
[BlackElo "2413"]
[PlyCount "38"]
[EventDate "2010.12.26"]

1. d4 Nc6 2. c4 e5 3. d5 Nce7 4. e4 Ng6 5. Be3 Nf6 6. f3 Bb4+ 7. Nc3 Qe7 8. Qd2
a6 9. a3 Bc5 10. Bxc5 Qxc5 11. b4 Qe7 12. c5 d6 13. cxd6 Qxd6 14. Bc4 O-O 15.
Nge2 Qb6 16. Na4 Qa7 17. Nc5 h6 18. Qe3 a5 19. Rb1 axb4 1/2-1/2

[Event "Czech Chess Christmas 2010"]
[Site "Litomysl"]
[Date "2010.12.31"]
[Round "7.5"]
[White "Klima, Lukas"]
[Black "Novotny, Michal"]
[Result "1/2-1/2"]
[WhiteElo "2396"]
[BlackElo "2255"]
[PlyCount "25"]
[EventDate "2010.12.26"]

1. e4 e5 2. Nf3 Nc6 3. Bb5 a6 4. Ba4 Nf6 5. O-O b5 6. Bb3 Be7 7. Re1 O-O 8. c3
d6 9. h3 Bb7 10. d4 Re8 11. Ng5 Rf8 12. Nf3 Re8 13. Ng5 1/2-1/2

[Event "Czech Chess Christmas 2010"]
[Site "Litomysl"]
[Date "2010.12.31"]
[Round "7.6"]
[White "Kanovsky, David"]
[Black "Volodin, Viktor"]
[Result "1-0"]
[WhiteElo "2497"]
[BlackElo "2223"]
[PlyCount "77"]
[EventDate "2010.12.26"]

1. c4 e6 2. Nc3 d5 3. e3 Nf6 4. Nf3 c6 5. b3 Nbd7 6. Bb2 Bd6 7. Qc2 O-O 8. Be2
e5 9. cxd5 Nxd5 10. Ne4 Bc7 11. Neg5 g6 12. h4 h6 13. Ne6 fxe6 14. Qxg6+ Kh8
15. Qxh6+ Kg8 16. Rh3 Qf6 17. Rg3+ Kf7 18. Ng5+ Ke7 19. Qh7+ Kd8 20. Rf3 Qe7
21. Rf7 Rxf7 22. Nxf7+ Ke8 23. Bh5 Nf8 24. Nxe5+ Kd8 25. Qh8 Bd6 26. Nf7+ Kc7
27. Nxd6 Kxd6 28. e4 Nd7 29. exd5 exd5+ 30. Kf1 b6 31. Qh6+ Kc7 32. Re1 Qxh4
33. Kg1 Bb7 34. Qg7 Rf8 35. Bf3 Bc8 36. Re7 Rd8 37. Bg4 Rh8 38. Rxd7+ Bxd7 39.
Qxd7+ 1-0

[Event "Czech Chess Christmas 2010"]
[Site "Litomysl"]
[Date "2010.12.31"]
[Round "7.7"]
[White "Weissmann, Lukas"]
[Black "Kantorik, Marian"]
[Result "1/2-1/2"]
[WhiteElo "2146"]
[BlackElo "2351"]
[PlyCount "37"]
[EventDate "2010.12.26"]

1. e3 d5 2. Nf3 Bg4 3. c4 Nf6 4. Nc3 c6 5. cxd5 Nxd5 6. Qb3 Nb6 7. Ne5 Be6 8.
Qc2 g6 9. Be2 Bg7 10. Nf3 O-O 11. d4 Bc4 12. Bxc4 Nxc4 13. b3 Nb6 14. O-O N8d7
15. Rd1 Re8 16. e4 Rc8 17. Be3 Qc7 18. Rac1 Qb8 19. Qd2 1/2-1/2

[Event "Czech Chess Christmas 2010"]
[Site "Litomysl"]
[Date "2010.12.31"]
[Round "7.9"]
[White "Pekar, Vaclav"]
[Black "Strebkovs, Andrejs"]
[Result "0-1"]
[WhiteElo "2114"]
[BlackElo "2329"]
[PlyCount "44"]
[EventDate "2010.12.26"]

1. Nc3 Nf6 2. Nf3 d6 3. d4 Bf5 4. Nh4 Bg4 5. f3 Bc8 6. e4 g6 7. Be3 c6 8. Qd2
Nbd7 9. O-O-O Qa5 10. Kb1 Bg7 11. g4 b5 12. Bh6 Bxh6 13. Qxh6 b4 14. Ne2 Nb6
15. g5 Nh5 16. Ng3 Nf4 17. Ng2 Nxg2 18. Bxg2 Be6 19. b3 Qa3 20. Rd3 Na4 21.
bxa4 Bxa2+ 22. Ka1 Bb3+ 0-1

[Event "Czech Chess Christmas 2010"]
[Site "Litomysl"]
[Date "2010.12.31"]
[Round "7.10"]
[White "Heinzel, Olaf"]
[Black "Olsarova, Karolina"]
[Result "0-1"]
[WhiteElo "2328"]
[BlackElo "2202"]
[PlyCount "104"]
[EventDate "2010.12.26"]

1. d4 d5 2. Bf4 Nf6 3. Nf3 Bf5 4. Nbd2 e6 5. e3 Bd6 6. Ne5 O-O 7. Be2 c5 8. g4
Bg6 9. h4 cxd4 10. exd4 Qc7 11. c3 Nc6 12. h5 Be4 13. f3 Nxe5 14. dxe5 Bxe5 15.
Bxe5 Qxe5 16. fxe4 Qg3+ 17. Kf1 dxe4 18. Qe1 Qf4+ 19. Kg2 Rad8 20. Nf1 Nxg4 21.
Qg3 Qxg3+ 22. Kxg3 Nh6 23. Bc4 Rd6 24. Ne3 f5 25. Rhf1 g5 26. hxg6 hxg6 27.
Rad1 Rb6 28. Bb3 Kg7 29. Nc4 Rb5 30. Nd6 f4+ 31. Kf2 Ng4+ 32. Kg1 Re5 33. Rd4
e3 34. Bd1 Nf2 35. Rxf2 exf2+ 36. Kxf2 b6 37. Bf3 g5 38. b4 Re3 39. Ne4 Kg6 40.
Bg4 Rh8 41. Bxe6 Rh2+ 42. Kf1 Rhe2 43. Bc4 Re1+ 44. Kf2 Rxe4 45. Bd3 Kf5 46. c4
Ke5 47. Rd5+ Kf6 48. Bxe4 Rxe4 49. Rd6+ Kf5 50. Rc6 Kg4 51. b5 f3 52. c5 bxc5
0-1

[Event "Czech Chess Christmas 2010"]
[Site "Litomysl"]
[Date "2010.12.31"]
[Round "7.11"]
[White "Jedlicka, Ales"]
[Black "Cizinsky, Petr"]
[Result "1-0"]
[WhiteElo "2261"]
[BlackElo "2148"]
[PlyCount "75"]
[EventDate "2010.12.26"]

1. d4 Nf6 2. c4 c5 3. d5 b5 4. Nf3 g6 5. cxb5 a6 6. b6 Qxb6 7. Nc3 d6 8. a4 Bg7
9. a5 Qb7 10. e4 O-O 11. Be2 Bd7 12. O-O Qb4 13. Qc2 Ra7 14. Bd2 Rb7 15. Rfb1
Qb3 16. Qxb3 Rxb3 17. Ne1 e6 18. Ra3 Rb4 19. dxe6 fxe6 20. f3 d5 21. Nd3 dxe4
22. Nxc5 exf3 23. gxf3 Rd4 24. Be3 Rd6 25. b4 Nd5 26. N3e4 Rc6 27. Bf2 Nf4 28.
Bf1 Rc7 29. Rd1 Bc6 30. Bg3 Rcf7 31. Ng5 Re7 32. Ncxe6 Nxe6 33. Nxe6 Rxe6 34.
Bc4 Kf7 35. Re3 Rfe8 36. Rxe6 Rxe6 37. Bxb8 Bxf3 38. Rd7+ 1-0

[Event "Czech Chess Christmas 2010"]
[Site "Litomysl"]
[Date "2010.12.31"]
[Round "7.12"]
[White "Bakalar, Jan"]
[Black "Bombek, Peter"]
[Result "1/2-1/2"]
[WhiteElo "2081"]
[BlackElo "2228"]
[PlyCount "120"]
[EventDate "2010.12.26"]

1. d4 e6 2. e3 f5 3. g3 Nf6 4. Bg2 d5 5. Nf3 Bd6 6. Ne5 O-O 7. f4 Bd7 8. Nxd7
Nbxd7 9. Nd2 c6 10. Nf3 Ne4 11. Ne5 Ndf6 12. O-O Qe7 13. Bd2 Rac8 14. Be1 g5
15. Bf3 Qg7 16. Kh1 Rc7 17. Rg1 g4 18. Bg2 h5 19. Qe2 Qh6 20. Bxe4 Nxe4 21. Kg2
Rh7 22. Rh1 Qg7 23. h4 gxh3+ 24. Rxh3 h4 25. g4 Bxe5 26. dxe5 Qxg4+ 27. Qxg4+
fxg4 28. Rxh4 Rxh4 29. Bxh4 Kf7 30. Bf2 Rh8 31. Bg1 Kg6 32. a4 Kf5 33. c3 Rh3
34. a5 a6 35. Ra3 Nd2 36. Ra4 c5 37. b4 cxb4 38. Rxb4 Rh7 39. Rd4 Nb3 40. Ra4
Rc7 41. Rb4 Nxa5 42. e4+ dxe4 43. Bb6 Nc6 44. Bxc7 Nxb4 45. cxb4 Kxf4 46. Kf2
e3+ 47. Ke2 g3 48. Bb6 Kxe5 49. Bxe3 Ke4 50. Ba7 e5 51. Be3 Kd5 52. Kf3 Kc4 53.
Bd2 e4+ 54. Kxg3 Kd3 55. Be1 b6 56. Kf2 a5 57. bxa5 bxa5 58. Bxa5 e3+ 59. Ke1
e2 60. Bb6 Kc2 1/2-1/2

[Event "Czech Chess Christmas 2010"]
[Site "Litomysl"]
[Date "2010.12.31"]
[Round "7.13"]
[White "Kraus, Ondrej"]
[Black "Olsarova, Tereza"]
[Result "0-1"]
[WhiteElo "1973"]
[BlackElo "2185"]
[PlyCount "110"]
[EventDate "2010.12.26"]

1. d4 Nf6 2. Nf3 d5 3. c4 e6 4. cxd5 exd5 5. Nc3 c6 6. Qc2 Na6 7. Bg5 Be7 8. a3
g6 9. e3 Bf5 10. Bd3 Bxd3 11. Qxd3 O-O 12. O-O Nc7 13. b4 Ne4 14. Bxe7 Qxe7 15.
Nd2 f5 16. Rfe1 a5 17. Ndxe4 fxe4 18. Qd2 a4 19. Qc2 b5 20. Ne2 Ra6 21. Nf4 Ne8
22. Qe2 Nd6 23. Qg4 Rf5 24. h4 Kh8 25. g3 Qf7 26. Kg2 Ra8 27. Qh3 Nc4 28. Ra2
Rf8 29. Rg1 Kg7 30. Kf1 h6 31. g4 Rxf4 32. exf4 Qxf4 33. Qg3 e3 34. Qxf4 Rxf4
35. Rg3 Nd2+ 36. Rxd2 exd2 37. Rd3 Rxg4 38. h5 gxh5 39. Rxd2 h4 40. Rd3 h3 41.
Rxh3 Rxd4 42. Ke2 Rc4 43. Kd2 Kg6 44. Rg3+ Kf5 45. f3 h5 46. Rg8 Rh4 47. Ke3
Rh1 48. Rh8 h4 49. Rh6 h3 50. Kf2 Ra1 51. Rxh3 Rxa3 52. Rh8 Rb3 53. Rc8 Rxb4
54. Rxc6 a3 55. Ra6 Ra4 0-1

[Event "Czech Chess Christmas 2010"]
[Site "Litomysl"]
[Date "2010.12.31"]
[Round "7.14"]
[White "Lys, Josef"]
[Black "Svoboda, Karel"]
[Result "1-0"]
[WhiteElo "2199"]
[BlackElo "2043"]
[PlyCount "65"]
[EventDate "2010.12.26"]

1. d4 d5 2. c4 e6 3. Nc3 Nf6 4. Nf3 Be7 5. Bg5 h6 6. Bh4 O-O 7. e3 b6 8. cxd5
Nxd5 9. Bg3 Bb7 10. Bc4 Nxc3 11. bxc3 c5 12. O-O Nd7 13. d5 Bxd5 14. Bxd5 exd5
15. Qxd5 Nf6 16. Qe5 Re8 17. Rfd1 Qc8 18. a4 Bf8 19. Qc7 Qxc7 20. Bxc7 Rac8 21.
Be5 Red8 22. Bxf6 gxf6 23. c4 Bd6 24. Rd5 Bc7 25. Rad1 Rxd5 26. Rxd5 Rd8 27.
Rxd8+ Bxd8 28. Nh4 Kg7 29. Kf1 Bc7 30. Ke2 Kf8 31. h3 a6 32. Kd3 Bd6 33. Nf5
1-0

[Event "Czech Chess Christmas 2010"]
[Site "Litomysl"]
[Date "2010.12.31"]
[Round "7.16"]
[White "Chladek, Vaclav"]
[Black "Trhal, Michal"]
[Result "0-1"]
[WhiteElo "2099"]
[BlackElo "1982"]
[PlyCount "86"]
[EventDate "2010.12.26"]

1. e4 c6 2. d4 g6 3. Nf3 Bg7 4. c3 d5 5. Nbd2 dxe4 6. Nxe4 Nd7 7. Bc4 Ndf6 8.
Neg5 Nh6 9. Ne5 Nd5 10. Ngf3 Nf5 11. O-O O-O 12. Qe2 e6 13. Be3 Nfxe3 14. fxe3
Bh6 15. Ng4 Bg7 16. e4 Nb6 17. Bb3 Qe7 18. Qe3 c5 19. Nge5 cxd4 20. cxd4 Bd7
21. Rf2 Rac8 22. Raf1 Bb5 23. Re1 Bc4 24. Nxc4 Nxc4 25. Qe2 b5 26. Ref1 Rfd8
27. Kh1 h6 28. h3 a6 29. Rd1 Qa7 30. e5 Rd7 31. Qe4 Qb7 32. Qxb7 Rxb7 33. Rc1
h5 34. Rcc2 Rbc7 35. Ne1 Ne3 36. Rxc7 Rxc7 37. Nd3 Rd7 38. Re2 Nf5 39. Rc2 Rxd4
40. Rc8+ Kh7 41. Nc5 Bxe5 42. Ra8 Ng3+ 43. Kg1 Rf4 0-1

[Event "Czech Chess Christmas 2010"]
[Site "Litomysl"]
[Date "2010.12.31"]
[Round "7.17"]
[White "Kozusek, Daniel"]
[Black "Dowgird, Filip"]
[Result "0-1"]
[WhiteElo "1645"]
[BlackElo "2096"]
[PlyCount "54"]
[EventDate "2010.12.26"]

1. c4 Nf6 2. Nc3 e5 3. g3 d6 4. Bg2 g6 5. d3 Bg7 6. Nf3 O-O 7. O-O Nbd7 8. a3
a5 9. Bg5 h6 10. Bd2 Nc5 11. Qc2 a4 12. Rad1 c6 13. Be3 Nfd7 14. d4 exd4 15.
Nxd4 Qe7 16. Nf3 Nb6 17. Bxc5 dxc5 18. Nd2 Be6 19. Na2 Rfd8 20. b3 axb3 21.
Qxb3 Rxd2 22. Rxd2 Nxc4 23. Rdd1 Nb2 24. Qe3 Nxd1 25. Rxd1 Bd4 26. Qe4 Rxa3 27.
Nc1 Ra1 0-1